000 00999nam a22002297a 4500
003 OSt
005 20250924173946.0
008 240314b ||||| |||| 00| 0 eng d
040 _c0
082 _aDPer 621.381 In821 August 2022 v. 37 n. 8
100 _aLi, Jia.
_eauthor.
_954676
245 _aEfficiency optimization scheme for isolated triple active Bridge DC–DC converter with full soft-switching and minimized RMS current /
_cJia Li, Quanming Luo, Ting Luo, Di Mou, and Marco Liserre.
260 _aNew York ;
_bThe Institute of Electrical and Electronics Engineers, Inc. ,
_cAugust 2022.
300 _aVolume 37, pages 9114-9128 :
_billustration ;
_c28 cm.
500 _aIEEE Transitions on Power Electronics, v. 37 n. 8, pages 9114-9128, August 2022.
700 _aLi, Jia.
_eauthor.
_954676
700 _aLuo, Quanming.
_eauthor.
_954677
700 _aLuo, Ting.
_eauthor.
_954678
700 _aMou, Di.
_eauthor.
_954679
700 _aLiserre, Marco.
_eauthor.
_954680
942 _2ddc
_cPER
999 _c19680
_d19680